[Event "ch-Privolzhsky Region"]
[Site "Ishevsk RUS"]
[Date "2005.03.18"]
[Round "3"]
[White "Belenov,D"]
[Black "Voitsekhovsky,S"]
[Result "0-1"]
[WhiteElo "2364"]
[BlackElo "2511"]

1.d4 Nf6 2.Nf3 g6 3.c4 Bg7 4.Nc3 O-O 5.e4 d6 6.Be2 e5 7.dxe5 dxe5 8.Qxd8 Rxd8
9.Bg5 Nbd7 10.O-O-O Rf8 11.b4 a5 12.a3 axb4 13.axb4 Ra3 14.Bd2 Rb3 15.Nd5 Nxe4
16.Kc2 Ra3 17.Kb2 Ra4 18.Be3 Ndf6 19.Ne7+ Kh8 20.Kb3 Ra8 21.Nxc8 Ng4 22.Ne7 Nexf2
23.Bc5 Nxh1 24.Rxh1 b6 25.Nxg6+ hxg6 26.Bxf8 Rxf8 27.h4 Nf2 28.Rf1 Ne4 29.Bd3 Ng3
30.Re1 Re8 31.Ng5 Kg8 32.c5 bxc5 33.Bc4 Re7 34.Rd1 Bf6 35.Nxf7 Kg7 36.bxc5 Nf5
37.Nd8 Nd4+ 38.Kb4 Re8 39.Nf7 e4 40.Ng5 e3 41.Bd3 Bxg5 42.hxg5 Ne6 43.Re1 Nxg5
44.Kc4 Re5 45.Kd4 Re7 46.Rxe3 Rd7+ 47.Kc4 Kf6 48.Kb5 Nf7 49.Rf3+ Kg7 50.Re3 Kf6
51.Be4 Ne5 52.Ka6 Kg5 53.Re2 Kf4 54.Kb7 g5 55.Bc6 Re7 56.Bd5 c6+ 57.Kb6 cxd5
58.c6 Nc4+  0-1

[Event "Extraliga CZE 2004-5"]
[Site "Czech Rep CZE"]
[Date "2005.03.19"]
[Round "8"]
[White "Hausner,I"]
[Black "Socko,B"]
[Result "0-1"]
[WhiteElo "2414"]
[BlackElo "2591"]

1.d4 Nf6 2.c4 g6 3.Nc3 Bg7 4.e4 d6 5.Nf3 O-O 6.Be2 e5 7.d5 a5 8.Bg5 h6 9.Bh4 g5
10.Bg3 Nh5 11.h4 Nf4 12.hxg5 hxg5 13.Qc2 Nxe2 14.Kxe2 f5 15.exf5 Bxf5 16.Qd2 Bf6
17.Kf1 Nd7 18.Rd1 Nc5 19.Qe3 Qe7 20.Nd2 Bd3+ 21.Kg1 e4 22.Nb3 Nxb3 23.axb3 Rae8
24.Rd2 Qg7 25.Nb5 c6 26.Nxd6 Bd4 27.Nxe8 Rxe8 28.Rxd3 Bxe3 29.Rxe3 cxd5 30.cxd5 Qd4
31.d6 Rc8 32.Rh3 Kg7 33.Kh2 Kg6 34.Re1 b5 35.d7 Rd8 36.Bc7 Rxd7 37.Bxa5 b4
38.Kg1 Ra7 39.Rhe3 Rxa5 40.Rxe4 Qd2 41.g4 Ra6 42.Kg2 Rf6 43.R1e2 Qd5  0-1

[Event "US Amateur Team East"]
[Site "Parsippany USA"]
[Date "2005.03.19"]
[Round "2"]
[White "Rubenchik,R"]
[Black "Bonin,J"]
[Result "1/2-1/2"]
[WhiteElo "2361"]
[BlackElo "2343"]

1.Nf3 Nf6 2.c4 g6 3.Nc3 Bg7 4.e4 d6 5.d4 O-O 6.Be2 e5 7.dxe5 dxe5 8.Qxd8 Rxd8
9.Bg5 Na6 10.Nd5 Nxd5 11.cxd5 f6 12.Be3 c6 13.dxc6 Nb4 14.Bc4+ Kh8 15.Ke2 Nxc6
16.Rhd1 Bg4 17.a3 Bxf3+ 18.Kxf3 f5 19.Bd5 Nd4+ 20.Bxd4 exd4 21.Rac1 Rd7 22.Ke2 Re8
23.Kd3 Bf6 24.Re1 Kg7 25.Rc5  1/2-1/2

[Event "ch-Privolzhsky Region"]
[Site "Ishevsk RUS"]
[Date "2005.03.20"]
[Round "5"]
[White "Baemov,I"]
[Black "Ozolin,M"]
[Result "0-1"]
[WhiteElo "2240"]
[BlackElo "2411"]

1.d4 Nf6 2.Nf3 g6 3.c4 Bg7 4.Nc3 O-O 5.e4 d6 6.Be2 e5 7.O-O Nbd7 8.dxe5 dxe5
9.Qc2 c6 10.Rd1 Qc7 11.Be3 Re8 12.Na4 b6 13.a3 Bb7 14.Nd2 c5 15.Nc3 Nf8 16.Nd5 Qd8
17.b4 Ne6 18.Nb3 Rc8 19.bxc5 bxc5 20.Bd3 Nd7 21.Rab1 Bxd5 22.exd5 Nd4 23.Qd2 Nb6
24.Na5 e4 25.Bf1 Be5 26.Bxd4 Bxd4 27.Rb3 Nd7 28.Nc6 Rxc6 29.dxc6 Ne5 30.Qf4 Bxf2+
31.Qxf2 Qxd1 32.Rb7 Qd6 33.c7 Rc8 34.Rxa7 Ng4 35.Qh4 Qd4+ 36.Kh1 Nf2+  0-1

[Event "ch-Privolzhsky Region"]
[Site "Ishevsk RUS"]
[Date "2005.03.20"]
[Round "5"]
[White "Tunik,G"]
[Black "Voitsekhovsky,S"]
[Result "1/2-1/2"]
[WhiteElo "2477"]
[BlackElo "2511"]

1.d4 Nf6 2.c4 g6 3.Nc3 Bg7 4.e4 O-O 5.Nf3 d6 6.Be2 e5 7.Be3 h6 8.dxe5 Ng4
9.Bd2 Nxe5 10.Rc1 Nbc6 11.O-O Bd7 12.b3 a6 13.Nd5 Nxf3+ 14.Bxf3 Nd4 15.Bg4 Bxg4
16.Qxg4 Re8 17.Rfe1 c6 18.Nc3 h5 19.Qh3 Ne6 20.Qd3 Qh4 21.g3 Qe7 22.f3 Nc5
23.Qc2 Qf6 24.Kg2 h4 25.Rf1 Rad8  1/2-1/2

[Event "Third Sat A"]
[Site "Novi Sad SCG"]
[Date "2005.03.21"]
[Round "4"]
[White "Lalic,B"]
[Black "Stupavski,Z"]
[Result "1-0"]
[WhiteElo "2520"]
[BlackElo "2313"]

1.d4 Nf6 2.c4 g6 3.Nc3 Bg7 4.e4 d6 5.Nf3 O-O 6.Be2 e5 7.O-O exd4 8.Nxd4 Re8
9.f3 Nc6 10.Be3 Nh5 11.Qd2 f5 12.Nxc6 bxc6 13.Bg5 Qd7 14.Rad1 Qf7 15.c5 dxc5
16.Be3 f4 17.Bxc5 Be5 18.b3 Be6 19.Ba6 Qf6 20.Ne2 Rab8 21.Qc2 Ng7 22.Rd3 g5
23.Bc4 Bxc4 24.Qxc4+ Qe6 25.Qc2 a6 26.Bd4 Rb5 27.Rfd1 Bd6 28.a4  1-0

[Event "Norwegian Open"]
[Site "Oslo NOR"]
[Date "2005.03.21"]
[Round "3"]
[White "Bae,T"]
[Black "Hanley,C"]
[Result "0-1"]
[WhiteElo "2277"]
[BlackElo "2397"]

1.d4 Nf6 2.Nf3 g6 3.c4 Bg7 4.Nc3 O-O 5.e4 d6 6.Be2 e5 7.O-O Na6 8.Be3 Ng4
9.Bg5 Qe8 10.h3 exd4 11.Nd5 f6 12.Bc1 Ne5 13.Nxd4 c6 14.Nc3 Nc5 15.Be3 f5
16.exf5 gxf5 17.Nf3 Qe7 18.Re1 Ne6 19.Qd2 f4 20.Bd4 Ng5 21.Bxe5 dxe5 22.Bd1 Be6
23.Nxe5 Rad8 24.Qc1 Nxh3+ 25.gxh3 Bxe5 26.Rxe5 Qg7+ 27.Kh2 Qxe5 28.Bf3  0-1

[Event "Spring Festival"]
[Site "Budapest HUN"]
[Date "2005.03.23"]
[Round "6"]
[White "Kerek,C"]
[Black "Nadasi,B"]
[Result "1-0"]
[WhiteElo "2300"]
[BlackElo "2108"]

1.d4 Nf6 2.Nf3 g6 3.c4 Bg7 4.Nc3 O-O 5.e4 d6 6.Be2 e5 7.d5 a5 8.Bg5 h6 9.Bh4 Na6
10.Nd2 Qe8 11.b3 Nh7 12.Rb1 Bd7 13.a3 Nc5 14.Qc2 f5 15.f3 Nf6 16.b4 axb4
17.axb4 Na4 18.Nb5 Bxb5 19.cxb5 Qd7 20.O-O Nh5 21.Rfc1 Nf4 22.Bf1 Rf7 23.Ra1 Nb6
24.Rxa8+ Nxa8 25.Bf2 fxe4 26.Qxe4 Qf5 27.Ra1 Nb6 28.Bxb6 cxb6 29.Nc4 Bf8
30.Nxb6 Rc7 31.Nc4 Qf7 32.b6 Rc8 33.Ne3 Be7 34.g3 Nh5 35.Bh3  1-0

[Event "ch-Privolzhsky Region"]
[Site "Ishevsk RUS"]
[Date "2005.03.23"]
[Round "8"]
[White "Smirnov,Alexey"]
[Black "Tsarukian,E"]
[Result "1/2-1/2"]
[WhiteElo "2335"]
[BlackElo "2287"]

1.e4 d6 2.d4 g6 3.c4 Nf6 4.Nc3 Bg7 5.Nf3 O-O 6.Be2 e5 7.O-O Nbd7 8.Re1 Re8
9.Bf1 c6 10.d5 c5 11.a3 a5 12.Rb1 Nh5 13.Be3 b6 14.b4 axb4 15.axb4 cxb4 16.Rxb4 Nc5
17.Qb1 Ra6 18.Qc2 f5 19.Reb1 Nf6 20.h3 fxe4 21.Nd2 h5 22.Na4 Nxa4 23.Rxa4 Rxa4
24.Qxa4 Bd7 25.Qb3 Qa8 26.Qxb6 Bf8 27.Qb2 Rc8 28.Bg5 Nh7 29.Nxe4 Bf5 30.Ra1 Rb8
31.Qc1 Qb7 32.Ng3 Nxg5 33.Qxg5 Be7 34.Qe3 Qc8 35.Ra7 Bf8 36.Nxh5 Rb7 37.Rxb7 Qxb7
38.Ng3 Bc2 39.Qd2 Qb1 40.Kh2 Kh7 41.Qa5 Qd1 42.Be2 Qd4 43.Qc7+ Kg8 44.Kg1 Qa1+
45.Nf1 e4 46.Qd7 Bd3 47.Qg4 Kg7 48.Kh2 Qe5+ 49.g3 Qb2 50.Qd7+ Kg8 51.Qe6+ Kg7
52.Qd7+ Kg8  1/2-1/2

[Event "7th Foxwoods Open"]
[Site "Connecticut USA"]
[Date "2005.03.24"]
[Round "2"]
[White "Dougherty,M"]
[Black "Airapetian,C"]
[Result "0-1"]
[WhiteElo "2233"]
[BlackElo "2149"]

1.Nf3 Nf6 2.c4 g6 3.Nc3 Bg7 4.e4 d6 5.d4 O-O 6.Be2 e5 7.O-O Na6 8.Re1 Qe8
9.dxe5 dxe5 10.Rb1 Nc5 11.Bd3 a5 12.Be3 Nfd7 13.Bc2 Ne6 14.Qd5 Qe7 15.Qd2 c6
16.Bh6 Rd8 17.Bxg7 Kxg7 18.Rbd1 f6 19.h4 h5 20.g3 Ndc5 21.Qe3 Bd7 22.Nd5 cxd5
23.exd5 Rac8 24.dxe6 Bxe6 25.b3 Bg4 26.Rxd8 Rxd8 27.Nh2 Be6 28.f4 exf4 29.gxf4 Qd6
30.Rd1 Qc7 31.Rxd8 Qxd8 32.Qxc5 Qd2 33.Qf2 Qc1+ 34.Kg2 Bd7 35.Be4 b6 36.Nf1 a4
37.Qd2  0-1

[Event "XXXXII Open"]
[Site "La Roda ESP"]
[Date "2005.03.24"]
[Round "2"]
[White "Campo Echevarria,J"]
[Black "Movsziszian,K"]
[Result "0-1"]
[WhiteElo "2139"]
[BlackElo "2455"]

1.Nf3 g6 2.c4 Bg7 3.d4 Nf6 4.Nc3 O-O 5.e4 d6 6.Be2 Nbd7 7.O-O e5 8.dxe5 dxe5
9.Qc2 c6 10.Rd1 Re8 11.Bf1 Qe7 12.Rb1 Nc5 13.b4 Ncxe4 14.Nxe4 Nxe4 15.Re1 Nd6
16.Rb3 Bf5 17.Qe2 a5 18.bxa5 Rxa5 19.Ba3 Rea8 20.Bxd6 Qxd6 21.Rxb7 Rxa2 22.Rd1 Qf6
23.Qe3 h6 24.Nd2 Qd8 25.Be2 Bc2 26.Rc1 R8a3  0-1

[Event "XXXXII Open"]
[Site "La Roda ESP"]
[Date "2005.03.24"]
[Round "2"]
[White "Javakhishvili,L"]
[Black "Biasoli Lopez,A"]
[Result "1-0"]
[WhiteElo "2456"]
[BlackElo "2132"]

1.d4 Nf6 2.c4 g6 3.Nc3 Bg7 4.e4 d6 5.Nf3 O-O 6.Be2 e5 7.Be3 Nc6 8.d5 Ne7
9.Nd2 Nd7 10.f3 f5 11.O-O f4 12.Bf2 g5 13.b4 Nf6 14.c5 Ng6 15.Nc4 a6 16.a4 Rf7
17.cxd6 cxd6 18.b5 Bf8 19.Rc1 axb5 20.Nxb5 g4 21.Bb6 Qd7 22.Ba7 Qd8 23.a5 gxf3
24.Bxf3 Nh4 25.Kh1 Nxf3 26.gxf3 Nh5 27.Rg1+ Ng3+ 28.hxg3 fxg3 29.Rxg3+ Kh8
30.Qg1 Bh6 31.Nbxd6 Rf4 32.Rc2 Rh4+ 33.Rh2 Rxh2+ 34.Qxh2  1-0

[Event "XXXXII Open"]
[Site "La Roda ESP"]
[Date "2005.03.24"]
[Round "3"]
[White "Del Rio Angelis,S"]
[Black "Cruz Ravina,F"]
[Result "1-0"]
[WhiteElo "2502"]
[BlackElo "2325"]

1.d4 Nf6 2.c4 d6 3.Nc3 e5 4.Nf3 Nbd7 5.e4 g6 6.Be2 Bg7 7.O-O O-O 8.d5 Nc5
9.Qc2 a5 10.Bg5 h6 11.Be3 Ne8 12.Nd2 f5 13.exf5 Bxf5 14.Nde4 Nxe4 15.Nxe4 Nf6
16.f3 b6 17.Bd3 Nxe4 18.Bxe4 Qh4 19.b3 Bxe4 20.Qxe4 Qxe4 21.fxe4 Rxf1+ 22.Kxf1 h5
23.Ke2 Bf6 24.Bd2 Be7 25.a3 Kf7 26.Rf1+ Kg8 27.Ra1 Kf7 28.Kd3 Kg8 29.Be3 Rf8
30.b4 Ra8 31.bxa5 Rxa5 32.a4 Kf7 33.Bd2 Ra6 34.Kc3 Ke8 35.Kb4 Ra5 36.Kb3 Ra8
37.Rf1 Ra6 38.h3 Ra8 39.Rf3 Ra6 40.g4 h4 41.Kb4 Ra5 42.Kb3 Ra8 43.Rf1 Ra6
44.Bh6 Ra8 45.Kb4 Ra5 46.Bg7 c5+ 47.Kb3 Ra8 48.Bf6 Kd7 49.Bxe7 Kxe7 50.g5 Rh8
51.Rf6 Rh5 52.Rxg6 Kf7 53.Rxd6 Rxg5 54.Rxb6 Rg3+ 55.Kb2 Rxh3 56.a5 Rg3 57.a6 Rg8
58.Rh6 Ra8 59.Kb3 Kg7 60.Rxh4 Rxa6 61.Rh5  1-0

[Event "Spring Open"]
[Site "Belgrade SCG"]
[Date "2005.03.25"]
[Round "1"]
[White "Samardzija,Z"]
[Black "Maksimovic,Mir"]
[Result "0-1"]
[WhiteElo "1909"]
[BlackElo "2185"]

1.d4 Nf6 2.c4 g6 3.Nc3 Bg7 4.e4 d6 5.Nf3 O-O 6.Be2 e5 7.dxe5 dxe5 8.Qxd8 Rxd8
9.Bg5 c6 10.O-O Na6 11.a3 Nc5 12.b4 Ne6 13.Rad1 Re8 14.Bxf6 Bxf6 15.Rd6 a5
16.b5 Be7 17.Rdd1 Bxa3 18.Na4 Nf4 19.Bd3 Bg4 20.Bb1 Kg7 21.Nb6 Bxf3 22.gxf3 Rad8
23.Rd7 Rxd7 24.Nxd7 Bb2 25.Bc2 Bd4 26.Ba4 Rc8 27.bxc6 bxc6 28.Rb1 Ne2+ 29.Kg2 Nc3
30.Ra1 Nxa4 31.Rxa4 Rd8 32.Nxe5 Bxe5 33.Rxa5 Bd4 34.c5 Rc8 35.f4 Kf6 36.Kf3 Ke6
37.Ke2 h5 38.f3 Rc7 39.Kd3 Bg1 40.h3 Rb7 41.Ra6 Kd7 42.Ra8 Bxc5 43.f5 gxf5
44.Rh8 fxe4+ 45.fxe4 Bd6 46.Rxh5 Rb5 47.Rh7 Ke7 48.Rh6 Re5 49.Rh8 Re6 50.Rh5 Be5
51.Kc4 Bf6 52.Kd3 Re5 53.Rh6 c5 54.Rh7 Kf8  0-1

[Event "Spring Open"]
[Site "Belgrade SCG"]
[Date "2005.03.25"]
[Round "1"]
[White "Masovic,B"]
[Black "Vujacic,I"]
[Result "1/2-1/2"]
[WhiteElo "1865"]
[BlackElo "2172"]

1.d4 Nf6 2.c4 g6 3.Nc3 Bg7 4.e4 d6 5.Be2 O-O 6.Nf3 e5 7.d5 Na6 8.h3 Nh5 9.g4 Nf4
10.Bxf4 exf4 11.Qd2 Nc5 12.Nd4 Qe7 13.f3 Qh4+ 14.Kd1 Bd7 15.Kc2 Qf6 16.Rad1 Qe5
17.Kb1 Rae8 18.h4 f5 19.gxf5 gxf5 20.exf5 Bxf5+ 21.Ka1 Bd7 22.Rhe1 Rf7 23.Bf1 Qf6
24.Rxe8+ Bxe8 25.Bh3 Bd7 26.Bxd7 Rxd7 27.Nce2 Rf7 28.Qe1 Re7 29.Qd2 Re3 30.Qc2 Re8
31.a3 Qxh4 32.Rg1 Qf6 33.Rg4 Kh8 34.Rxf4 Qh6 35.Rg4 Bxd4 36.Rxd4 Qe3 37.Rh4 Qd3
38.Qxd3 Nxd3 39.Re4 Rxe4 40.fxe4 Nc5 41.Ng3 a5 42.b4 axb4 43.axb4 Nd3 44.b5 b6
45.Kb1 Ne5 46.Kc2 Nxc4 47.Kc3 Na3 48.Kb4 Nc2+ 49.Kc3 Ne3 50.Kd2 Ng4 51.Ne2 Nf6
52.Ke3 Kg7 53.Kd4 h5 54.e5 dxe5+ 55.Kxe5 Ne8 56.Ke6 h4 57.Kd7 Kf8 58.Nf4 Kf7
59.Nh3 Nf6+ 60.Kxc7 Nxd5+ 61.Kc6 Ke6 62.Ng5+ Kf5 63.Nh3 Kg4 64.Ng1 Ne7+ 65.Kxb6 Kg3
66.Kc5 Kg2 67.Ne2 Kf3 68.Ng1+ Kg2 69.Ne2  1/2-1/2

[Event "Spring Festival"]
[Site "Budapest HUN"]
[Date "2005.03.25"]
[Round "8"]
[White "Havaskori,L"]
[Black "Martini,B"]
[Result "1/2-1/2"]
[WhiteElo "2091"]
[BlackElo "2333"]

1.d4 Nf6 2.c4 g6 3.Nc3 Bg7 4.e4 d6 5.Nf3 O-O 6.Be2 e5 7.dxe5 dxe5 8.Bg5 c6
9.O-O Qe7 10.h3 Rd8 11.Qc1 Na6 12.Rb1 Nc5 13.Rd1 Rxd1+ 14.Qxd1 Ne6 15.Be3 Ne8
16.Qd2 f5 17.Bh6 Bf6 18.exf5 gxf5 19.Rd1 Nd4 20.Bf1 Nxf3+ 21.gxf3 Be6 22.f4 e4
23.Kh2 Qf7 24.Be2 Kh8 25.b3 Nc7 26.Rg1 Rd8 27.Qe1 Rg8 28.Rxg8+ Qxg8 29.Bh5 Bf7
30.Bxf7 Qxf7 31.Qe3 Ne6 32.Ne2 c5 33.Bg5 Bg7 34.f3 Bd4 35.Nxd4 cxd4 36.Qd2 h6
37.Bxh6 Qf6 38.Bg5 Nxg5 39.fxg5 Qe5+ 40.Kg2 a5 41.fxe4 fxe4 42.Kf1 Kg8 43.g6 Qf6+
44.Qf2 Qxf2+ 45.Kxf2 Kg7 46.a3 Kxg6 47.c5 Kf5 48.b4 axb4 49.axb4 Kf4 50.b5 e3+
51.Ke2 d3+ 52.Kxd3 Kf3 53.c6 bxc6 54.b6 e2 55.b7 e1=Q 56.b8=Q Qf1+ 57.Kd4 Qf2+
58.Kc3 Qc5+ 59.Kb2 Qd4+ 60.Kc2  1/2-1/2

[Event "XXXXII Open"]
[Site "La Roda ESP"]
[Date "2005.03.25"]
[Round "5"]
[White "Strikovic,A"]
[Black "Cruz Ravina,F"]
[Result "1-0"]
[WhiteElo "2458"]
[BlackElo "2325"]

1.c4 Nf6 2.Nc3 e5 3.Nf3 d6 4.d4 Nbd7 5.e4 g6 6.Be2 Bg7 7.O-O O-O 8.Re1 c6
9.Bf1 exd4 10.Nxd4 Re8 11.Bf4 Nc5 12.Qc2 Ng4 13.Nb3 Nxb3 14.axb3 Bd4 15.Bg3 h5
16.Red1 h4 17.Rxd4 hxg3 18.fxg3 Qb6 19.Qd1 Ne3 20.Na4 Qc7 21.Qd2 Ng4 22.Rxd6 Ne5
23.Qd4 Rb8 24.c5 b5 25.Nc3 a5 26.Nd1 Ng4 27.h3 Ne5 28.Nf2 Ra8 29.Nd3 Nxd3
30.Bxd3 Be6 31.b4 axb4 32.Rxa8 Rxa8 33.Qxb4 Qe7 34.Qd4 Qg5 35.Kh2 Kh7 36.e5 Bd5
37.Be4 Be6 38.Bxc6 Rc8 39.Bd5 Bxd5 40.Qxd5 Kg7 41.Rd7 Qf5 42.c6  1-0

[Event "ch-FAI"]
[Site "Oyrarbakka ch-FAI"]
[Date "2005.03.25"]
[Round "8"]
[White "Simonsen,H"]
[Black "Ziska,H"]
[Result "1/2-1/2"]
[WhiteElo "2317"]
[BlackElo "2129"]

1.d4 Nf6 2.c4 g6 3.Nf3 Bg7 4.Nc3 O-O 5.e4 d6 6.Be2 e5 7.d5 a5 8.Bg5 h6 9.Bh4 Qe8
10.Nd2 Nh7 11.g4 Na6 12.Bg3 f5 13.f3 Bd7 14.h4 fxg4 15.fxg4 Qe7  1/2-1/2

[Event "Open"]
[Site "Coventry ENG"]
[Date "2005.03.26"]
[Round "4"]
[White "Littlewood,P"]
[Black "Gilbert,Je"]
[Result "1-0"]
[WhiteElo "2368"]
[BlackElo "2149"]

1.d4 Nf6 2.c4 g6 3.Nc3 Bg7 4.e4 d6 5.Nf3 O-O 6.Be2 e5 7.d5 Ne8 8.h4 h5 9.Ng5 f6
10.Nh3 Qd7 11.Rg1 Qf7 12.g4 hxg4 13.Bxg4 f5 14.Ng5 Qf6 15.Bh3 Na6 16.exf5 Bxf5
17.Nce4 Bxe4 18.Nxe4 Qxh4 19.Be6+ Kh8 20.Ng3 Qh2 21.Rh1 Rxf2 22.Rxh2+ Rxh2
23.Kf1 Nf6 24.Kg1 Rh7 25.Kg2 Nc5 26.Bg5 Rf8 27.Qe2 e4 28.Rf1 Nd3 29.Nxe4 Nxe4
30.Rxf8+ Bxf8 31.Qxe4 Ne5 32.c5 Rh5 33.Qf4 Bg7 34.cxd6 cxd6 35.Be7 Bh6 36.Qa4 Kh7
37.Qe8 Bg7 38.Bxd6 Nd3 39.Bg8+ Kh6 40.Qe3+ Rg5+ 41.Kf1  1-0

[Event "43rd Doeberl Cup"]
[Site "Canberra AUS"]
[Date "2005.03.27"]
[Round "5"]
[White "Bjelobrk,I"]
[Black "Lane,G"]
[Result "1/2-1/2"]
[WhiteElo "2377"]
[BlackElo "2439"]

1.d4 Nf6 2.c4 g6 3.Nc3 Bg7 4.e4 d6 5.Nf3 O-O 6.Be2 e5 7.O-O Na6 8.Be3 Ng4
9.Bg5 Qe8 10.dxe5 dxe5 11.h3 h6 12.Bd2 Nf6 13.Be3 Qe7 14.Nd5 Qd8 15.Qc2 c6
16.Nxf6+ Qxf6 17.c5 Nc7 18.Rad1 Qe7 19.Rd6 Kh7 20.Rfd1 f5 21.Bc4 Ne8 22.Rd8 Bf6
23.Rxc8 Rxc8 24.exf5 g5 25.Qe4 Nc7 26.Be6 Rcd8 27.Rxd8 Qxd8 28.Nxe5 Bxe5
29.Qxe5 Nxe6 30.fxe6 Qd1+ 31.Kh2 Qd5 32.Qd6 Rf6 33.Qe7+ Kg6 34.Qe8+ Kg7 35.Qe7+ Kg6
36.Qe8+ Kg7  1/2-1/2

[Event "ch-EU"]
[Site "Cork IRL"]
[Date "2005.03.27"]
[Round "6"]
[White "Almond,R"]
[Black "Brandenburg,D"]
[Result "0-1"]
[WhiteElo "2149"]
[BlackElo "2343"]

1.d4 Nf6 2.c4 g6 3.Nc3 Bg7 4.e4 d6 5.Nf3 O-O 6.Be2 e5 7.O-O Na6 8.Be3 Ng4
9.Bg5 Qe8 10.h3 h6 11.hxg4 hxg5 12.d5 Bxg4 13.Nxg5 Bd7 14.b4 Nxb4 15.Rb1 Na6
16.Rxb7 Nc5 17.Rb2 Qe7 18.Nf3 f5 19.Nd2 Qh4 20.Qc2 Kf7 21.Nf3 Qh6 22.Rfb1 fxe4
23.Nxe4 Nxe4 24.Qxe4 Bf5 25.Qe3 Qxe3 26.fxe3 Bxb1 27.Rxb1 Rab8 28.Rb3 Ke7
29.Bd3 Kf6 30.Nh4 Rxb3 31.axb3 e4 32.Bxe4 Re8 33.Bc2 Rxe3 34.Kf2 Rc3 35.Bd1 Rc1
36.Ke2 Kg5 37.g3 Be5 38.Kd2 Ra1 39.Bc2 Rf1 40.Ke2 Rh1 41.Nf3+ Kg4 42.Bxg6 Kxg3
43.Bc2 Kf4 44.Ne1 Rh2+ 45.Kd3 Bf6 46.Bd1 Rh3+ 47.Kc2 Ke4 48.Kc1 Bh4 49.Ng2 Bf2
50.Kd2 Rh2 51.Ne1 Be3+ 52.Kc3 Bd2+  0-1

[Event "Open"]
[Site "Coventry ENG"]
[Date "2005.03.27"]
[Round "6"]
[White "Littlewood,P"]
[Black "Dignam,M"]
[Result "1-0"]
[WhiteElo "2368"]
[BlackElo "2149"]

1.d4 Nf6 2.c4 g6 3.Nc3 Bg7 4.e4 d6 5.Be2 O-O 6.Nf3 e5 7.d5 a5 8.Bg5 Na6 9.Nd2 h6
10.Bh4 Qe8 11.a3 Bd7 12.b3 Nh7 13.O-O Nc5 14.b4 Na4 15.Qc2 g5 16.Bg3 f5 17.f3 axb4
18.axb4 Nxc3 19.Qxc3 Qg6 20.c5 g4 21.Rxa8 Rxa8 22.c6 bxc6 23.dxc6 Be6 24.exf5 Bxf5
25.Bc4+ Kh8 26.fxg4 Qxg4 27.b5 e4 28.Qe3 Nf6 29.b6 cxb6 30.Bxd6 Ne8 31.Bb4 Kh7
32.Bc3 Qg5 33.Qxg5 hxg5 34.Rxf5 Bxc3 35.Nxe4 Bd4+ 36.Kf1 Rc8 37.Rd5 Be3 38.Ke2 Bc1
39.Rd7+ Kg6 40.Bf7+ Kf5 41.Re7 Rxc6 42.Bxe8 Rc2+ 43.Kf1 Ba3 44.Bd7+ Kf4 45.Re6 Rc7
46.Ng3 Rc1+ 47.Re1 Rxe1+ 48.Kxe1 Ke3 49.Nf1+ Kf4 50.Ke2 Bc5 51.g3+ Ke5 52.Kf3 Bg1
53.h3 Bc5 54.Kg4 Be7 55.Nd2 Kf6 56.Ne4+ Kg6 57.Be8+ Kh6 58.Kf5 Bd8 59.g4 Be7
60.Bb5 Bd8 61.Nd6 Kg7 62.Ke6 Kf8 63.Ne4 Kg7 64.Kd7  1-0

[Event "Open"]
[Site "Coventry ENG"]
[Date "2005.03.27"]
[Round "6"]
[White "Guthrie,D"]
[Black "Bates,Ri"]
[Result "0-1"]
[WhiteElo "2170"]
[BlackElo "2377"]

1.d4 Nf6 2.c4 g6 3.Nc3 Bg7 4.e4 d6 5.Nf3 O-O 6.Be2 e5 7.O-O Na6 8.Be3 Ng4
9.Bg5 Qe8 10.dxe5 dxe5 11.h3 f6 12.Bd2 Nh6 13.c5 Nxc5 14.Qc1 Nf7 15.Nd5 Ne6
16.Nxc7 Nxc7 17.Qxc7 Nd8 18.Bc4+ Be6 19.Bxe6+ Qxe6 20.Rfc1 Rf7 21.Qc4 Rd7
22.Kf1 Kf7 23.Ke2 Qxc4+ 24.Rxc4 Ke6 25.Be3 Nf7 26.Nd2 Rad8 27.Rac1 Bh6 28.Bxh6 Nxh6
29.Nb3 Ke7 30.R1c2 b6 31.Rc8 Nf7 32.Rxd8 Nxd8 33.g3 Ne6 34.h4 f5 35.exf5 gxf5
36.Rc8 e4 37.Nd2 Kf6 38.f3 Rd3 39.fxe4 Rxg3 40.exf5 Kxf5 41.Kf2 Rg7 42.Nf1 Rf7
43.Rc4 Ke5+ 44.Kg2 Rf4 45.Rxf4 Nxf4+ 46.Kf3 Nd3 47.Kg4 Kf6 48.Kh5 Kg7 49.Ne3 Nxb2
50.Nf5+ Kh8 51.Kg5 Na4 52.Kf6 Kg8 53.h5 Nc3 54.Ne7+ Kf8 55.Nc8 Nxa2 56.Nxa7 Nc3
57.Nc6 Nd5+ 58.Ke5 Ne7 59.Nd8 Ng8 60.Ke6 Kg7 61.Nf7 b5 62.Ne5 b4 63.Nd3 b3
64.Kd5 Kh6 65.Kc4 Kxh5 66.Kxb3 Kg4 67.Kc4 h5 68.Kd4 Kg3 69.Ke3 Nf6 70.Ke2 h4
71.Kf1 h3 72.Kg1 h2+ 73.Kh1 Ng4  0-1

[Event "Arcimpex Cup"]
[Site "Frydek Mistek CZE"]
[Date "2005.03.27"]
[Round "7"]
[White "Jurcik,Mari"]
[Black "Vybiral,Z"]
[Result "1-0"]
[WhiteElo "2314"]
[BlackElo "2240"]

1.d4 Nf6 2.c4 g6 3.Nc3 Bg7 4.e4 d6 5.Nf3 O-O 6.Be2 Nbd7 7.O-O e5 8.d5 Nc5
9.Qc2 a5 10.Bg5 h6 11.Be3 b6 12.Nd2 Bd7 13.b3 Nh7 14.a3 Na6 15.Rab1 f5 16.f3 f4
17.Bf2 Rf7 18.b4 axb4 19.axb4 Bf8 20.Nb5 Qf6 21.Qc3 h5 22.Nb3 g5 23.c5 g4
24.c6 Bc8 25.Qe1 Bh6 26.Ra1 Qg6 27.Bh4 g3 28.hxg3 Rg7 29.Nc3 Bg5 30.g4 Nf6
31.Bxg5 Qxg5 32.b5 hxg4 33.fxg4 Nh5 34.bxa6 Ng3 35.Rf3 Qh4 36.Rxg3 fxg3 37.Bf3 Rf7
38.Qe3 Bxa6 39.Rxa6 Rxa6 40.Ne2 Ra2 41.Nbc1 Ra8 42.Kf1 Qh1+ 43.Qg1 Qh6 44.Ke1 Ra1
45.Kd1 Rf8 46.Kc2 Rfa8 47.Nc3 b5 48.Qe1 b4 49.Nb1 b3+ 50.Kb2 R1a2+ 51.Kxb3 Rxg2
52.Nd3 Rb8+ 53.Kc3 Ra2 54.Nb4 Ra4 55.Nc2 Qg5 56.Qd2 Qf6 57.Nba3 Ra5 58.Qe3 Rc5+
59.Kd2 Qh4 60.Be2 Rb4 61.Nxb4 Kh7 62.Qf3 Qh6+ 63.Qe3 Qh1 64.Nd3 Ra5 65.Nc2 Ra2
66.Qxg3 Qb1 67.Bd1 Qb6 68.Qe3 Qa5+ 69.Ke2 Qb5 70.Qf3 Kg7 71.g5 Qc4 72.Kd2 Kg8
73.g6  1-0

[Event "XXXXII Open"]
[Site "La Roda ESP"]
[Date "2005.03.27"]
[Round "8"]
[White "Javakhishvili,L"]
[Black "Spasov,V"]
[Result "1/2-1/2"]
[WhiteElo "2456"]
[BlackElo "2543"]

1.d4 Nf6 2.c4 g6 3.Nc3 Bg7 4.e4 d6 5.Nf3 O-O 6.Be2 e5 7.Be3 Ng4 8.Bg5 f6
9.Bh4 Nc6 10.d5 Ne7 11.Nd2 Nh6 12.f3 f5 13.O-O Nf7 14.Bf2 c5 15.dxc6 Nxc6
16.Nb3 Ng5 17.c5 fxe4 18.Nxe4 Nxe4 19.fxe4 dxc5 20.Bc4+ Kh8 21.Qxd8 Rxd8
22.Bxc5 Bd7  1/2-1/2

[Event "43rd Doeberl Cup"]
[Site "Canberra AUS"]
[Date "2005.03.28"]
[Round "7"]
[White "Rej,T"]
[Black "Bjelobrk,I"]
[Result "0-1"]
[WhiteElo "2248"]
[BlackElo "2377"]

1.d4 Nf6 2.c4 g6 3.Nc3 Bg7 4.e4 d6 5.Nf3 O-O 6.Be2 Na6 7.O-O e5 8.Be3 Ng4
9.Bg5 Qe8 10.h3 h6 11.Bc1 Nf6 12.Be3 exd4 13.Bxd4 Nxe4 14.Bxg7 Kxg7 15.Qd4+ Nf6
16.Rfe1 Qd8 17.Ne4 Bf5 18.Ng3 Bd7 19.Nd2 Nc5 20.Nde4 Nxe4 21.Nxe4 Bc6 22.Bf3 Re8
23.Re3 Bxe4 24.Bxe4 c6 25.Rd1 Qb6 26.Qc3 Qc5 27.Rd4 a5 28.a3 d5 29.Rf3 dxe4
30.Rxf6 Qe5 31.Rfd6 Re7 32.c5 a4 33.Rc4 Qxc3 34.Rxc3 Ra5 35.Rc4 Rb5 36.Rd2 f5
37.Kf1 Re5 38.Ke2 Rd5 39.Rxd5 cxd5 40.Rxa4 Rxb2+ 41.Ke3 Kf6 42.Ra8 Rb3+ 43.Kd2 Ke5
44.Rb8 Kd4 45.Kc2 Rxa3 46.Rxb7 Kxc5  0-1

[Event "ch-EU"]
[Site "Cork IRL"]
[Date "2005.03.29"]
[Round "8"]
[White "Quinn,M"]
[Black "Socko,B"]
[Result "1/2-1/2"]
[WhiteElo "2395"]
[BlackElo "2591"]

1.d4 Nf6 2.c4 g6 3.Nc3 Bg7 4.e4 d6 5.Nf3 O-O 6.Be2 e5 7.Be3 Ng4 8.Bg5 f6
9.Bc1 Kh8 10.h3 exd4 11.Nxd4 Nh6 12.h4 f5 13.Bg5 Qe8 14.Qd2 Ng4 15.Bxg4 fxg4
16.Bh6 Bxh6 17.Qxh6 Nc6 18.Nxc6 bxc6 19.h5 gxh5 20.Rxh5 Qe7 21.Qe3 Qf7 22.Qd4+ Qf6
23.Rd1 Be6 24.c5 Rad8 25.Qxf6+ Rxf6 26.e5 Bf7 27.Rxh7+ Kxh7 28.exf6 Kg6 29.Rd4 Be6
30.Ra4 Ra8 31.cxd6 cxd6 32.Ne4 d5 33.Nc5 Bc8 34.Nd3 Kxf6 35.Rf4+ Bf5 36.Kd2 Rh8
37.g3 Rh1 38.Nb4 Rb1 39.Nxc6 Rxb2+ 40.Ke3 Kg5 41.Nxa7 Bd7 42.a4 Rb3+ 43.Kd4 Bxa4
44.Kxd5 Rd3+ 45.Kc5 Bd7 46.Nb5 Bxb5 47.Kxb5 Rc3 48.Kb4  1/2-1/2

[Event "Spring Open"]
[Site "Belgrade SCG"]
[Date "2005.03.31"]
[Round "7"]
[White "Krstic,Re"]
[Black "Starcevic,G"]
[Result "1/2-1/2"]
[WhiteElo "2231"]
[BlackElo "2184"]

1.d4 Nf6 2.c4 g6 3.Nc3 Bg7 4.e4 d6 5.Be2 O-O 6.Nf3 e5 7.O-O Qe8 8.d5 a5 9.Ne1 Na6
10.Nd3 Nb4 11.Be3 Nxd3 12.Bxd3 Ng4 13.Bd2 f5 14.f3 Nf6 15.Be3 f4 16.Bf2 b6
17.a3 g5 18.b4 Qg6 19.Re1 g4 20.Kh1 g3 21.Bg1 axb4 22.axb4 Rxa1 23.Qxa1 Nh5
24.Bf1 gxh2 25.Bxh2 Bf6 26.Qb2 Bh4 27.Ra1 Bg3 28.Nd1 Qg5 29.Nf2 Qh4 30.Nh3 Kh8
31.Ra8 Rg8 32.Bg1 h6 33.c5 Be1 34.Bf2 Ng3+ 35.Bxg3 Bxg3 36.cxb6 cxb6 37.Qc2 Bxh3
38.Rxg8+ Kxg8 39.gxh3 Qd8 40.Ba6 Kg7 41.Qc8  1/2-1/2

[Event "ch-EU"]
[Site "Cork IRL"]
[Date "2005.03.31"]
[Round "10"]
[White "Solleveld,Maa"]
[Black "Kotronias,V"]
[Result "1/2-1/2"]
[WhiteElo "2468"]
[BlackElo "2585"]

1.c4 Nf6 2.Nc3 g6 3.e4 d6 4.d4 Bg7 5.Nf3 O-O 6.Be2 e5 7.Be3 c6 8.O-O exd4
9.Bxd4 Re8 10.Qc2 Nbd7 11.Rad1 Qe7 12.Rfe1 Bh6 13.b4 b6 14.h3 Bb7 15.Bf1 Ne5
16.Qe2 Ba6 17.b5 cxb5 18.cxb5 Bb7 19.Nd5 Nxd5 20.exd5 Bg7 21.Nxe5 dxe5 22.Bb2 Rad8
23.d6 Rxd6 24.Ba3 Rxd1 25.Bxe7 Rxe1 26.Qxe1 Rxe7 27.Qd2 Bf6 28.Bc4 Kg7 29.Qd6 e4
30.Kf1 h5 31.Ke2 Bc8 32.Ke3 Bf5 33.Bd5 Rd7 34.Qc6 Be5 35.Bxe4 Rc7 36.Qe8 Bf6
37.Bxf5 Re7+  1/2-1/2

[Event "It B"]
[Site "Dos Hermanas ESP"]
[Date "2005.04.02"]
[Round "2"]
[White "Cheparinov,I"]
[Black "Matamoros Franco,C"]
[Result "1-0"]
[WhiteElo "2621"]
[BlackElo "2498"]

1.d4 Nf6 2.c4 g6 3.Nc3 Bg7 4.e4 d6 5.Nf3 O-O 6.Be2 e5 7.Be3 Na6 8.O-O Ng4
9.Bg5 Qe8 10.c5 exd4 11.Nd5 dxc5 12.Bxa6 bxa6 13.Rc1 Bb7 14.Rxc5 Bxd5 15.exd5 Qd7
16.h3 Qd6 17.b4 Ne5 18.Nxd4 Nd7 19.Ra5 Rfe8 20.Nc6 Nb8 21.Qc2 Nxc6 22.Qxc6 Qxb4
23.Rxa6 Bf8 24.Qxc7 h6 25.Be3 Red8 26.Rxa7  1-0